Statystyki dla Najniebezpieczniejsze miasta w województwie wielkopolskim

Kliknij tutaj aby rozwiązać quiz!

Ogólne statystyki

  • Ten quiz został rozwiązany 24 razy
  • Średni wynik to 6 z 10

Statystyki odpowiedzi

Poziom:Wykrywalność:Przestępstwa:Niebezpieczne miasto:% Poprawnych
35128.3Poznań
96%
47728.1Konin
87%
17436.4Kalisz
83%
580%24.0Piła
83%
28428.4Leszno
78%
988%20.3Turek
57%
683%23.9Szamotuły
48%
881%20.6Oborniki
39%
787%22.3Chodzież
30%
1082%20.1Kępno
26%

Rozkład punktacji

Percentyl według liczby udzielonych odpowiedzi

Procent ludzi z każdym wynikiem

Twoja historia wyników

Nie rozwiązałeś tego quizu